| 000 | 00460nam a2200157Ia 4500 | ||
|---|---|---|---|
| 008 | 210716s2006 xx 000 0 und d | ||
| 020 | _a8120329279 | ||
| 041 | _aeng | ||
| 082 | _a621.381532 MAHL | ||
| 100 | _aMaheshwari, L K; Anand, M M S. | ||
| 245 | _aLaboratory experiments and PSPICE simulations in analog electronics. | ||
| 250 | _a1 | ||
| 260 |
_aNew Delhi _bPrentice Hall of India PVt Ltd _c2006 |
||
| 300 | _aviii,336 | ||
| 650 | _aDigital Systems | ||
| 999 |
_c187532 _d187532 |
||